000 00688nam2a22002171 4500
001 v19\rc\2015483
005 20250620003011.0
035 _a(NLR Aleph) 005096608
090 _a7350499
_c7350499
100 _a20080925d1902 |||y0rusy50 ca
101 0 _arus
102 _aRU
105 _ay z |||||
200 0 _a... за 1901 г.
215 _a5 с.
461 0 _1001v19\rc\2015482
_12001#$aОтчет...$v... за 1901 г.
_97350492
_aУкраинская биржевая артель (Харьков)
_cМосква
_d1902
_p1 т.
_tОтчет...
_v... за 1901 г.
801 0 _aRU
_bNLR
_gpsbo
801 1 _aRU
_bProSoft-M
_2rusmarc
852 _aNLR
_j20.91.2.2
942 _cBOOK
980 _aNB